000 00651cab a2200217 4500
001 WB3215-118
008 090401t1996 xxu||||| |||| 00| 0 eng d
035 _a(Sirsi) u76459
041 _aeng
245 _aYoung auctioneer wins prize
260 _c1996
350 _a0
490 _aRICS Press Release
_v(PR37.auc) 29 March 1996, (2)
520 _aThe 1996 RICS Auction Competition has been won by Kevin Prince, who beat three other finalists at the RICS in London.
650 _aAuctioneering
_96218
650 _aCOMPETITION
650 _aRICS AUCTION COMPETITION
690 _aAuctioneering
_96218
942 _n0
948 _c04/03/1997
999 _c48092
_d48092